| 000 | 01147nam a22001697a 4500 | ||
|---|---|---|---|
| 008 | 200128b xxu||||| |||| 00| 0 eng d | ||
| 020 | _a9780495090656 | ||
| 050 | _aR726.5B72(6e) | ||
| 100 |
_aBrannon, Linda. _d2007. |
||
| 245 |
_aHealth psychology: an introduction to behaviour. / _cLinda Brannon and Jess Feist. |
||
| 250 | _a6th ed. | ||
| 300 |
_axxxii, 1960 p. : _bill. col.; _c24 cm. |
||
| 500 | _aincludes index and appendix. | ||
| 505 | _aPart 1: Foundations of health psychology: Introducing health Psychology -- Conducting health research -- Seeking health care -- Adhering to medical advice -- Part 2: Stress, pain, and coping: Defining and measuring stress -- Understanding stress and disease -- Understanding pain -- Managing stress and pain -- Part 3: Behavior and chronic disease: Behavioral factors in cardiovascular disease -- Behavioral factors in cancer -- Living with chronic illness -- Part 4: Behavioral health: Preventing injuries -- Smoking tobacco -- Using alcohol and other drugs -- Eating and weight -- Exercising -- Part 5: Looking toward the future: Future challenges. | ||
| 600 | _aFeist, Jess. | ||
| 942 |
_2lcc _cBK |
||
| 999 |
_c7015 _d14515 |
||